000 00442cam a22001934a 4500
005 20250605164114.0
008 250528s ||||||||||||||||||||||||d
035 _a17994
020 _a978071689652
040 _aGR-AtMCL
_bgre
_dGR-AtMCL
_eAACR2
245 1 _aTHE BUILDING ENVIRONMENT
250 _a3
260 _bWiley,
_c2006
300 _a575
700 1 _aBradshaw Vaughn
_94321
942 _cBK
999 _c3386
_d3386